| 000 | 00690nam a2200241 a 4500 | ||
|---|---|---|---|
| 999 |
_c399 _d399 |
||
| 001 | 3326168 | ||
| 003 | OSt | ||
| 005 | 20181217191416.0 | ||
| 008 | 850307s1984 okua 000 0 eng | ||
| 010 | _a 84217746 | ||
| 020 |
_a0892742216 (pbk.) : _c$4.95 |
||
| 040 |
_aDLC _cDLC _dDLC |
||
| 050 | 0 | 0 |
_aBT732.5 _b.O83 1984 |
| 082 | 0 | 0 |
_a234.13 _2234 _bO812R |
| 100 | 1 |
_aOsborn, T. L. _q(Tommy Lee), _d1923- |
|
| 245 | 1 | 0 |
_aReceive miracle healing / _cby T.L. Osborn. |
| 260 |
_aTulsa, Okla. : _bHarrison House, _cc1984. |
||
| 300 |
_a239 p. : _bill. ; _c22 cm. |
||
| 650 | 0 | _aSpiritual healing. | |
| 650 | 0 | _aMiracles. | |
| 906 |
_a7 _bcbc _corignew _d3 _encip _f19 _gy-gencatlg |
||
| 942 |
_2ddc _cBK |
||